000 00723nam a2200265Ia 4500
005 20260302114657.0
008 008 260114s9999 xx 000 0 eng d
020 _a9798765129197
037 _aTextbook
040 _aCRL
040 _beng
040 _cCRL
041 _2eng
041 _aeng
084 _qCRL
100 _aDaniela Kukrechtová
_91119416
245 0 _aUnplanned Cities in Modern American Poetry Lyrical Challenges to Utopianism
260 _bBloomsbury
260 _bBloomsbury Academic
260 _c2025
650 _aLiterary Studies
856 _uhttps://doi.org/10.5040/9798765129197?locatt=label:secondary_bloomsburyCollections
942 _cEBOOK
999 _c1683447
_d1683447